| 000 | 00863cam a2200289 4500 | ||
|---|---|---|---|
| 001 | M86115 | ||
| 008 | 090401t1996 xxu||||| |||| 00| 0 eng d | ||
| 035 | _a(Sirsi) u80531 | ||
| 041 | _aeng | ||
| 050 | _a630 | ||
| 245 | _aRural notes for practitioners and APC candidates. - November 1996 | ||
| 260 |
_aReading _bCollege of Estate Management _c1996 |
||
| 300 | _a41p. ; 30cm. | ||
| 350 | _a15.00 | ||
| 520 | _aIncludes papers on planning policies and procedures in the countryside, forestry, Agricultural Tenancies Act 1995, CAP and farm buildings. | ||
| 650 | _aAGRICULTURAL TENANCIES ACT 1995 | ||
| 650 | _aCAP | ||
| 650 | _aCONTAMINATED LAND | ||
| 650 | _aCOUNTRYSIDE | ||
| 650 | _aFARM BUILDINGS | ||
| 650 | _aFORESTRY | ||
| 650 | _aPLANNING | ||
| 650 | _aWASTE CONTROL | ||
| 690 | _aRURAL PRACTICE | ||
| 942 | _n0 | ||
| 948 | _c27/08/1997 | ||
| 999 |
_c96622 _d96622 |
||